| 000 | 00866cab a2200241 4500 | ||
|---|---|---|---|
| 001 | ABS58967 | ||
| 008 | 090401t1998 xxu||||| |||| 00| 0 eng d | ||
| 035 | _a(Sirsi) u87066 | ||
| 041 | _aeng | ||
| 245 | _aPartnering in practice on the A16 Peakes Parkway | ||
| 260 | _c1998 | ||
| 350 | _a0 | ||
| 490 |
_aHighways & Transportation _v45(06) June 1998, 29-30(2) |
||
| 520 | _aDescribes the design and construction of the Peakes Parkway, a new single carriageway road running along the route of the disused Grimsby to Louth railway line, which includes an environmental wall, underpasses and overbridges. Discusses the partnering arrangement. | ||
| 650 | _aENVIRONMENTAL WALL | ||
| 650 | _aPARTNERING | ||
| 650 | _aPEAKES PARKWAY | ||
| 650 | _aROAD | ||
| 650 | _aWATER MAIN | ||
| 690 | _aTRANSPORT AND COMMUNICATION | ||
| 942 | _n0 | ||
| 948 | _c29/06/1998 | ||
| 999 |
_c54862 _d54862 |
||